El simio y el aprendiz de sushi (Record no. 66531)

MARC details
000 -LEADER
campo de control de longitud fija 01055nam a2200301 i 4500
001 - NÚMERO DE CONTROL
campo de control 66531
003 - IDENTIFICADOR DE NÚMERO DE CONTROL
campo de control ES-MaACL
005 - FECHA Y HORA DE LA ÚLTIMA TRANSACCIÓN
campo de control 20250822030933.0
007 - CAMPO FIJO DE DESCRIPCIÓN FÍSICA--INFORMACIÓN GENERAL
campo de control de longitud fija t|
008 - DATOS DE LONGITUD FIJA--INFORMACIÓN GENERAL
campo de control de longitud fija 030217s2002 sp ||||0| spa d
020 ## - NÚMERO INTERNACIONAL ESTÁNDAR DEL LIBRO
Número Internacional Estándar del Libro 84-493-1325-2
040 ## - FUENTE DE CATALOGACIÓN
Centro catalogador/agencia de origen M-BN
Lengua de catalogación spa
Centro/agencia transcriptor M-BN
080 ## - NÚMERO DE LA CLASIFICACIÓN DECIMAL UNIVERSAL
Número de la Clasificación Decimal Universal 599.8-15
080 ## - NÚMERO DE LA CLASIFICACIÓN DECIMAL UNIVERSAL
Número de la Clasificación Decimal Universal 159.929
100 1# - ENTRADA PRINCIPAL--NOMBRE DE PERSONA
Nombre de persona Waal, F. B. M. de.
9 (RLIN) 115794
245 13 - MENCIÓN DEL TÍTULO
Título El simio y el aprendiz de sushi
Resto del título : reflexiones de un primatólogo sobre la cultura /
Mención de responsabilidad, etc. Frans de Waal ; [traducción de Patricia Teixidor].
260 ## - PUBLICACIÓN, DISTRIBUCIÓN, ETC.
Lugar de publicación, distribución, etc. Barcelona :
Nombre del editor, distribuidor, etc. Paidós Ibérica,
Fecha de publicación, distribución, etc. [2002]
300 ## - DESCRIPCIÓN FÍSICA
Extensión 335 p., [16] h. de lám. :
Otras características físicas il. ;
Dimensiones 24 cm.
490 1# - MENCIÓN DE SERIE
Mención de serie Paidós transiciones ;
Designación de volumen o secuencia 42
504 ## - NOTA DE BIBLIOGRAFÍA, ETC.
Nota de bibliografía, etc. Bibliografía p. [301]-316. Indice.
650 14 - PUNTO DE ACCESO ADICIONAL DE MATERIA--TÉRMINO DE MATERIA
Término de materia o nombre geográfico como elemento de entrada Primates-
Subdivisión general Conducta.
9 (RLIN) 16402
650 17 - PUNTO DE ACCESO ADICIONAL DE MATERIA--TÉRMINO DE MATERIA
Término de materia o nombre geográfico como elemento de entrada Psicología comparada
Fuente del encabezamiento o término embne
9 (RLIN) 16556
650 #7 - PUNTO DE ACCESO ADICIONAL DE MATERIA--TÉRMINO DE MATERIA
Término de materia o nombre geográfico como elemento de entrada Antropología cultural y social
Fuente del encabezamiento o término embne
9 (RLIN) 9867
700 1# - ENTRADA AGREGADA--NOMBRE PERSONAL
Nombre de persona Teixidor, Patricia.
9 (RLIN) 109545
830 0# - PUNTO DE ACCESO ADICIONAL DE SERIE-TÍTULO UNIFORME
Título uniforme Paidós transiciones ;
Designación de volumen o secuencia 42
9 (RLIN) 180263
852 ## - LOCALIZACIÓN
Ubicación ES-MaACL
Número de control de estantería L-27016
Sublocalización o colección R.132727
Holdings
Estatus retirado Estado de pérdida Estado de daño No para préstamo Biblioteca de origen Biblioteca actual Ubicación en estantería Fecha de adquisición Fuente de adquisición Total de préstamos Signatura topográfica completa Código de barras Visto por última vez Precio de reemplazo Tipo de ítem Koha
        Biblioteca del Ateneo de Madrid Biblioteca del Ateneo de Madrid Depósito 2 17/01/2008     L-27016 1069693 23/02/2023 23/02/2023 Libro impreso